| 000 | 00964nam a2200229Ia 4500 | ||
|---|---|---|---|
| 003 | OSt | ||
| 005 | 20210604134155.0 | ||
| 008 | 210310s1992 ck a gr 000 0 spa d | ||
| 040 |
_aCO-JMCR _cCO-JMCR |
||
| 041 | 0 | _aspa | |
| 082 | 0 | 4 |
_a332.021 / _bB157e _223 |
| 110 | 2 |
_aBanco de la Republica _914538 |
|
| 245 | 0 |
_aCuentas financieras de Colombia 1970-1988 / _cBanco de la Republica |
|
| 260 |
_aBogotá : _bDepartamento de Investigaciones económicas del Banco de la Republica, _c1992 |
||
| 300 |
_a178 páginas : _bilustraciones y gráficas a color ; _c21 x 27 cm. |
||
| 501 | _aCon: notas a pie de página. | ||
| 505 | _aEquilibrio económico general. -- Cuentas financieras consolidadas. -- Cuentas financieras no consolidadas. -- Operaciones financieras no consolidadas. -- Matrices de financiación. | ||
| 650 | 1 | 4 |
_aCuentas financieras. _938145 |
| 650 | 2 | 4 |
_aEconómica general _938146 |
| 650 | 2 | 4 |
_aOperaciones financieras _936694 |
| 942 |
_2ddc _cBK |
||
| 999 |
_c11896 _d11896 |
||